=LDR 00000nam 2200000 4500 =001 INLIS000000000002396 =005 20240806110323 =035 ##$$a 0010-061300000002396 =008 240806################g##########0#ind## =041 ##$$a Ind =082 ##$$a 959.822 61 =090 ##$$a 959.822 61, Rah k =100 ##$$a Raharjo, Supratikno =245 1#$$a Kota demak sebagai bandar dagangn di jalur sutra, /$c Supratikno Raharjo =260 ##$$a Jakarta :$b Departemen pendidikan dan kebudayaan,$c 1994 =300 ##$$a xix,131 hlm : $b Ilus ; $c 21 cm =650 #4$$a Demak-Sejarah =850 ##$$a NBPNMAT =084 ##$$a 959.822 61 RAH k =990 ##$$a 21304547 =990 ##$$a 01201900473 =990 ##$$a 00093158 =990 ##$$a 15341534 =990 ##$$a 3199500831 =990 ##$$a 21304547 =990 ##$$a 01201900473 =990 ##$$a 00093158